Science Quiz

Random Science Quiz
Score 0/6 Timer 10:00
0 Plays Today
Number Name % Correct
DPelvic inlet
100%
ASacrum
83.3%
CGo
83.3%
BOs coxae
66.7%
ESubpubic angle
50%
FGreater sciatic notch
50%
Remove Ads.
Support Sporcle.
Get the best of Sporcle when you Go Orange. This ad-free experience offers more features, more stats, and more fun while also helping to support Sporcle. Thank you for becoming a member.

You're not logged in!

Compare scores with friends on all Sporcle quizzes.
OR
Log In

Show Comments

Extras

Created Sep 23, 2012ReportNominate
Tags:girdle, Pelvic, Pelvic Girdle

Top Quizzes Today


Score Distribution

Your Account Isn't Verified!

In order to create a playlist on Sporcle, you need to verify the email address you used during registration. Go to your Sporcle Settings to finish the process.

Report this User

Report this user for behavior that violates our Community Guidelines.

Details: